[Event "4NCL/Div3/NOTT2 vs. CELT2"]
[Site "Hinckley Island ENG"]
[Date "2009.03.22"]
[Round "8.1"]
[White "Taylor, Robert P"]
[Black "Evans, Craig"]
[Result "1-0"]
[WhiteElo "1956"]
[BlackElo "2030"]
[PlyCount "51"]
[EventDate "2009.03.22"]
[EventCountry "ENG"]
[SourceDate "2008.10.04"]

1. d4 Nf6 2. Nf3 b5 3. Bg5 e6 4. e4 c6 5. c3 Qb6 6. Nbd2 d6 7. Bd3 Nbd7 8. O-O
Be7 9. Rc1 Bb7 10. Re1 h6 11. Be3 Ng4 12. Bf4 g5 13. Bg3 h5 14. h4 gxh4 15.
Bxh4 Bxh4 16. Nxh4 Qd8 17. Ndf3 a6 18. Qd2 Qf6 19. c4 bxc4 20. Bxc4 O-O 21. Qb4
Rfb8 22. Qxd6 Nf8 23. Qc5 Qh6 24. Rc3 Nd7 25. Qg5+ Kh7 26. Qe7 1-0

[Event "4NCL/Div3/NOTT2 vs. CELT2"]
[Site "Hinckley Island ENG"]
[Date "2009.03.22"]
[Round "8.2"]
[White "Fathallah, Joe"]
[Black "Graham, Neil"]
[Result "1-0"]
[WhiteElo "1962"]
[BlackElo "1925"]
[PlyCount "121"]
[EventDate "2009.03.22"]
[EventCountry "ENG"]
[SourceDate "2008.10.04"]

1. d4 Nf6 2. c4 e5 3. dxe5 Ne4 4. Nd2 Bb4 5. Ngf3 Nc6 6. g3 Qe7 7. Qc2 Nxd2 8.
Bxd2 Bxd2+ 9. Qxd2 Nxe5 10. Nxe5 Qxe5 11. Bg2 O-O 12. O-O d6 13. b3 Rb8 14.
Rad1 b6 15. Rfe1 Bb7 16. Bxb7 Rxb7 17. Qd5 Qxd5 18. cxd5 Re8 19. Rd2 Rbb8 20.
Rc1 Re7 21. Rdc2 Rc8 22. b4 f5 23. e3 Kf7 24. b5 Kf6 25. Kf1 Re5 26. Rxc7 Rxc7
27. Rxc7 Rxd5 28. a4 a6 29. bxa6 Ra5 30. Rc6 Ke5 31. Rxb6 Rxa4 32. Kg2 g6 33.
Rb7 Rxa6 34. Rxh7 Kf6 35. h4 Rc6 36. f4 Rc2+ 37. Kf3 Rc1 38. h5 gxh5 39. Rh6+
Ke7 40. Rxh5 Ke6 41. Rh6+ Ke7 42. g4 fxg4+ 43. Kxg4 Re1 44. Kf3 Rf1+ 45. Ke4
Ra1 46. Kf5 Ra5+ 47. Kg6 Ra1 48. Rh7+ Ke6 49. f5+ Ke5 50. Re7+ Kd5 51. e4+ Kd4
52. f6 Rg1+ 53. Kf7 d5 54. e5 Ke4 55. e6 Ke5 56. Rd7 Rf1 57. Rxd5+ Kxd5 58. e7
Re1 59. e8=Q Rxe8 60. Kxe8 Ke6 61. f7 1-0

[Event "4NCL/Div3/NOTT2 vs. CELT2"]
[Site "Hinckley Island ENG"]
[Date "2009.03.22"]
[Round "8.3"]
[White "Cranmer, Stan"]
[Black "O'Grady, Gary"]
[Result "1/2-1/2"]
[WhiteElo "1890"]
[BlackElo "1926"]
[PlyCount "75"]
[EventDate "2009.03.22"]
[EventCountry "ENG"]
[SourceDate "2008.10.04"]

1. d4 f5 2. Bg5 h6 3. Bh4 g5 4. e3 Nf6 5. Be2 Bg7 6. Bg3 O-O 7. Nc3 d6 8. Bc4+
e6 9. Nge2 Nc6 10. Qd2 Ne4 11. Nxe4 fxe4 12. h4 d5 13. Bb3 a5 14. c3 b5 15.
hxg5 Qxg5 16. Bf4 Qf6 17. O-O-O b4 18. Rdg1 a4 19. Bd1 bxc3 20. Nxc3 e5 21.
dxe5 Nxe5 22. Qxd5+ Be6 23. Qxe5 Qxe5 24. Bxe5 Bxe5 25. Rxh6 Bxa2 26. Nxa2 Rxf2
27. Bc2 Rb8 28. Nc3 a3 29. bxa3 Bxc3 30. Rg6+ Kf7 31. Rc6 Bb2+ 32. Kd1 Rd8+ 33.
Ke1 Rdd2 34. Rxc7+ Ke6 35. Bd1 Bxa3 36. Rc4 Kd5 37. Rd4+ Rxd4 38. Kxf2 1/2-1/2

[Event "4NCL/Div3/NOTT2 vs. CELT2"]
[Site "Hinckley Island ENG"]
[Date "2009.03.22"]
[Round "8.5"]
[White "Myers, Richard"]
[Black "Wagner, Guy"]
[Result "1/2-1/2"]
[WhiteElo "1840"]
[BlackElo "1830"]
[PlyCount "99"]
[EventDate "2009.03.22"]
[EventCountry "ENG"]
[SourceDate "2008.10.04"]

1. d4 e6 2. e4 d5 3. Nc3 Nf6 4. Bg5 Bb4 5. exd5 Bxc3+ 6. bxc3 Qxd5 7. Bxf6 gxf6
8. Be2 Qa5 9. Qd3 Bd7 10. Nf3 Bc6 11. O-O Nd7 12. c4 O-O 13. c5 b6 14. cxb6
axb6 15. Nd2 Qg5 16. Ne4 Qg6 17. Bf3 Nb8 18. Rae1 f5 19. Ng3 Bxf3 20. Qxf3 Nd7
21. d5 Nc5 22. dxe6 fxe6 23. Qc6 Qf7 24. f4 Ra4 25. Ne2 Rd8 26. c3 Rd6 27. Qf3
Rd3 28. Qc6 Qd7 29. Qxd7 Rxd7 30. Nd4 Kf7 31. g3 Ne4 32. Nc6 Rd2 33. Rd1 Rxd1
34. Rxd1 Nd6 35. Ne5+ Ke8 36. Rd2 h5 37. Kg2 Ra3 38. c4 Rc3 39. Kh3 Nxc4 40.
Nxc4 Rxc4 41. Kh4 c5 42. Kxh5 Rd4 43. Rb2 c4 44. Rxb6 Kd7 45. Rb4 Kc6 46. a4
Kc5 47. Rb5+ Kc6 48. Rb4 Kc5 49. Rb5+ Kc6 50. Rb4 1/2-1/2

[Event "4NCL/Div3/NOTT2 vs. CELT2"]
[Site "Hinckley Island ENG"]
[Date "2009.03.22"]
[Round "8.6"]
[White "Buttell, David"]
[Black "Willoughby, Robert"]
[Result "1/2-1/2"]
[WhiteElo "1714"]
[BlackElo "1810"]
[Annotator ",MalcolmArmstrong"]
[PlyCount "38"]
[EventDate "2009.03.22"]
[EventCountry "ENG"]
[SourceDate "2008.10.04"]

1. d4 Nf6 2. c4 e5 3. dxe5 Ng4 4. Nf3 Nc6 5. Nbd2 Ngxe5 6. e3 d6 7. Be2 b6 8.
O-O Bb7 9. b3 Be7 10. Bb2 f5 11. Nd4 Nxd4 12. exd4 Nf7 13. Qc2 g6 14. d5 Bf6
15. Nf3 Bc8 16. Nd4 Bd7 17. Rae1 O-O 18. f4 Re8 19. Bf3 Rc8 {
remainder illegible} 1/2-1/2

[Event "4NCL/Div3/LIT3 vs. SCS"]
[Site "Hinckley Island ENG"]
[Date "2009.03.22"]
[Round "8.1"]
[White "Farrall, David J"]
[Black "Baptie, Justin P"]
[Result "0-1"]
[WhiteElo "1915"]
[BlackElo "2101"]
[PlyCount "88"]
[EventDate "2009.03.22"]
[EventCountry "ENG"]
[SourceDate "2008.10.04"]

1. e4 c5 2. Nf3 Nc6 3. d4 cxd4 4. Nxd4 e6 5. Nc3 Qc7 6. Be3 a6 7. g3 Nf6 8. Bg2
Be7 9. O-O O-O 10. f4 d6 11. Qe2 Bd7 12. h3 Nxd4 13. Bxd4 Bc6 14. Rad1 Rfe8 15.
Qf2 b5 16. e5 Bxg2 17. Qxg2 Nd7 18. exd6 Bxd6 19. Ne4 Bf8 20. Kh2 Rac8 21. c3
h6 22. Rfe1 e5 23. fxe5 Nxe5 24. Nf2 Ng6 25. Re4 Rxe4 26. Qxe4 Bd6 27. Rd3 Ne5
28. Bxe5 Bxe5 29. Ng4 Re8 30. Kg2 Re6 31. Nxe5 Rxe5 32. Qa8+ Kh7 33. Qf3 Qe7
34. Rd2 Qe6 35. a3 Re3 36. Qf2 Qe4+ 37. Kh2 f6 38. Qg2 Qe5 39. Qf2 h5 40. Kg2
Qe4+ 41. Kh2 h4 42. gxh4 Qe6 43. Qg2 Qe5+ 44. Kh1 Re1+ 0-1

[Event "4NCL/Div3/LIT3 vs. SCS"]
[Site "Hinckley Island ENG"]
[Date "2009.03.22"]
[Round "8.2"]
[White "Fonseca, Antonio"]
[Black "van der Westhuizen, Charles"]
[Result "1/2-1/2"]
[WhiteElo "1875"]
[BlackElo "1824"]
[PlyCount "94"]
[EventDate "2009.03.22"]
[EventCountry "ENG"]
[SourceDate "2008.10.04"]

1. e4 e5 2. Nf3 Nc6 3. Bc4 Nf6 4. d4 exd4 5. Nxd4 d6 6. O-O Be7 7. Nxc6 bxc6 8.
Re1 O-O 9. Nc3 Ng4 10. Be2 Ne5 11. f4 Ng6 12. Be3 f5 13. Bh5 Bf6 14. Bxg6 hxg6
15. Bd4 fxe4 16. Nxe4 Bd7 17. c3 Rb8 18. Nxf6+ gxf6 19. b3 c5 20. Bf2 Re8 21.
Qf3 Rxe1+ 22. Rxe1 Qf8 23. g4 Re8 24. h4 Rxe1+ 25. Bxe1 Qe8 26. Kf2 Bc6 27. Qe3
Qxe3+ 28. Kxe3 Kf7 29. c4 Bd7 30. Kf3 Bc6+ 31. Kg3 Be4 32. Ba5 c6 33. Bc7 Ke6
34. f5+ gxf5 35. h5 fxg4 36. Kxg4 Bb1 37. h6 Bc2 38. Kf4 a6 39. a3 Bb1 40. Ke3
Ke5 41. Kd2 Bh7 42. Ke3 Bg6 43. b4 cxb4 44. axb4 Ke6 45. Kd4 Bh7 46. c5 d5 47.
Bf4 Bg6 1/2-1/2

[Event "4NCL/Div3/LIT3 vs. SCS"]
[Site "Hinckley Island ENG"]
[Date "2009.03.22"]
[Round "8.4"]
[White "Lutton, J Arnold"]
[Black "Harrison, Peter K"]
[Result "1-0"]
[WhiteElo "1847"]
[BlackElo "1835"]
[PlyCount "61"]
[EventDate "2009.03.22"]
[EventCountry "ENG"]
[SourceDate "2008.10.04"]

1. e4 e5 2. Nf3 Nc6 3. Bb5 a6 4. Ba4 Nf6 5. O-O Be7 6. c3 b5 7. Bb3 d6 8. Qe2
Bg4 9. Rd1 O-O 10. d4 Qc8 11. Bg5 Na5 12. Bc2 h6 13. Be3 Qb7 14. Nbd2 c5 15. d5
Qc7 16. h3 Bh5 17. g4 Nxg4 18. hxg4 Bxg4 19. Kg2 Qd7 20. Rh1 h5 21. Rag1 f5 22.
exf5 Rxf5 23. Qd3 Nc4 24. Nh4 Bxh4 25. Rxh4 Nxe3+ 26. Qxe3 Rf4 27. Be4 g5 28.
Rh2 Raf8 29. Kf1 Qf7 30. Ke1 Qf6 31. f3 1-0

[Event "4NCL/Div3/CONQ vs. AMCAH"]
[Site "Hinckley Island ENG"]
[Date "2009.03.22"]
[Round "8.1"]
[White "Foster, James C"]
[Black "Ward, Matthew J"]
[Result "1-0"]
[WhiteElo "1995"]
[BlackElo "1760"]
[PlyCount "49"]
[EventDate "2009.03.22"]
[EventCountry "ENG"]
[SourceDate "2008.10.04"]

1. e4 e6 2. d4 d5 3. exd5 exd5 4. c4 c6 5. Nc3 Nf6 6. Bd3 Be7 7. Nge2 Nbd7 8.
O-O O-O 9. Re1 dxc4 10. Bxc4 b5 11. Bb3 a6 12. d5 cxd5 13. Nxd5 Nb6 14. Nxe7+
Qxe7 15. Nd4 Qd6 16. Nf5 Qxd1 17. Ne7+ Kh8 18. Rxd1 Nc4 19. Bxc4 bxc4 20. Nxc8
Rfxc8 21. Bd2 Ne4 22. Rac1 Rc6 23. f3 Nd6 24. Bb4 Nb5 25. a4 1-0

[Event "4NCL/Div3/CONQ vs. AMCAH"]
[Site "Hinckley Island ENG"]
[Date "2009.03.22"]
[Round "8.2"]
[White "Malhotra, Tarun"]
[Black "Gibbs, Dominic"]
[Result "0-1"]
[WhiteElo "1730"]
[BlackElo "1995"]
[PlyCount "166"]
[EventDate "2009.03.22"]
[EventCountry "ENG"]
[SourceDate "2008.10.04"]

1. e4 c5 2. Nf3 d6 3. d4 cxd4 4. Nxd4 Nf6 5. Nc3 a6 6. Be2 e5 7. Nb3 Be7 8. O-O
O-O 9. Be3 Be6 10. f3 d5 11. exd5 Nxd5 12. Nxd5 Bxd5 13. c4 Be6 14. Qxd8 Bxd8
15. Kh1 Nd7 16. Rad1 Rc8 17. Nd2 Ba5 18. a3 Bb6 19. Bxb6 Nxb6 20. b3 f5 21. Nb1
Kf7 22. Rd6 Nd7 23. Rfd1 Nf6 24. Nc3 Ke7 25. Rb6 Rc7 26. Rdd6 Bf7 27. Rd1 Rd8
28. Rxd8 Kxd8 29. Rd6+ Ke7 30. Rd1 b5 31. Na2 bxc4 32. bxc4 Rd7 33. Rxd7+ Nxd7
34. Kg1 Kd6 35. Nb4 a5 36. Nc2 Kc5 37. Ne3 g6 38. Kf2 Nb6 39. Bd1 Nxc4 40. Bb3
Nd6 41. Ba4 Kd4 42. Nd1 Kd3 43. Ke1 e4 44. Nb2+ Kd4 45. f4 Ke3 46. g3 Kf3 47.
Kf1 Nc4 48. Nd1 Nxa3 49. Ke1 Kg2 50. Ne3+ Kxh2 51. Kf2 Nb1 52. Nf1+ Kh3 53. Bb5
Nc3 54. Ba6 Kg4 55. Ke3 Kh5 56. Kd4 Na4 57. Ke5 Kh6 58. Kf6 Nc5 59. Be2 Be6 60.
Nd2 a4 61. Nb1 Bb3 62. Na3 Nd7+ 63. Ke7 Nb6 64. Kf6 Nd5+ 65. Ke5 Kg7 66. Kd4
Kf6 67. Kc5 Nc3 68. Bc4 e3 69. Kd4 e2 70. Bxe2 Nxe2+ 71. Kc5 Nxg3 72. Kb4 h5
73. Kc3 h4 74. Kd4 h3 75. Kc5 h2 76. Kb4 h1=Q 77. Ka5 Qd5+ 78. Kb6 Qd6+ 79. Kb5
Qxa3 80. Ka6 Qb4 81. Ka7 a3 82. Ka6 a2 83. Ka7 a1=R# 0-1

[Event "4NCL/Div3/CONQ vs. AMCAH"]
[Site "Hinckley Island ENG"]
[Date "2009.03.22"]
[Round "8.3"]
[White "Holland, James"]
[Black "Meechan, Catriona"]
[Result "1/2-1/2"]
[WhiteElo "1920"]
[BlackElo "1780"]
[PlyCount "33"]
[EventDate "2009.03.22"]
[EventCountry "ENG"]
[SourceDate "2008.10.04"]

1. e4 g6 2. d4 Bg7 3. Nc3 d6 4. f4 Nd7 5. Nf3 a6 6. Bd3 c5 7. Be3 cxd4 8. Bxd4
Bxd4 9. Nxd4 b5 10. Nd5 Bb7 11. O-O e6 12. Ne3 Nc5 13. Nb3 Qb6 14. Nxc5 dxc5
15. c4 O-O-O 16. Qc2 Ne7 17. Rac1 1/2-1/2

[Event "4NCL/Div3/CONQ vs. AMCAH"]
[Site "Hinckley Island ENG"]
[Date "2009.03.22"]
[Round "8.4"]
[White "Jerzynek, Neil"]
[Black "Paul, Barnaby"]
[Result "1-0"]
[WhiteElo "1760"]
[BlackElo "1750"]
[PlyCount "97"]
[EventDate "2009.03.22"]
[EventCountry "ENG"]
[SourceDate "2008.10.04"]

1. e4 e5 2. Nf3 Nc6 3. d4 exd4 4. Nxd4 Nf6 5. Nxc6 bxc6 6. e5 Qe7 7. Qe2 Nd5 8.
c4 Nb6 9. b3 d6 10. c5 Nd7 11. cxd6 cxd6 12. exd6 Qxe2+ 13. Bxe2 Bxd6 14. Bb2
O-O 15. O-O Re8 16. Re1 Bb4 17. Nc3 Nb6 18. a3 Bc5 19. Bf3 Bb7 20. Ne4 Bf8 21.
Nc3 Nd5 22. Nxd5 cxd5 23. b4 g6 24. g3 Bg7 25. Bxg7 Kxg7 26. Rad1 Red8 27. Re7
Rab8 28. Rc1 Re8 29. Rcc7 Rxe7 30. Rxe7 Kf6 31. Rc7 Ke6 32. Kf1 Kf6 33. Ke2
Re8+ 34. Kd3 Re7 35. Rc5 Rd7 36. Kd4 Ke6 37. b5 f5 38. a4 g5 39. h3 h6 40. a5
Rf7 41. a6 Ba8 42. Rc8 f4 43. g4 Ke7 44. Rc7+ Ke8 45. Rxf7 Kxf7 46. Bxd5+ Bxd5
47. Kxd5 Kg6 48. b6 axb6 49. a7 1-0

[Event "4NCL/Div3/CONQ vs. AMCAH"]
[Site "Hinckley Island ENG"]
[Date "2009.03.22"]
[Round "8.5"]
[White "Foster, Caroline"]
[Black "Pritchard, Abigail"]
[Result "1/2-1/2"]
[WhiteElo "1610"]
[BlackElo "1590"]
[PlyCount "81"]
[EventDate "2009.03.22"]
[EventCountry "ENG"]
[SourceDate "2008.10.04"]

1. d4 Nf6 2. Nf3 g6 3. e3 Bg7 4. Bd3 O-O 5. O-O d6 6. Nbd2 Nbd7 7. e4 c5 8. d5
Ng4 9. h3 Nge5 10. Be2 Nxf3+ 11. Nxf3 Ne5 12. Nxe5 Bxe5 13. Rb1 Bg7 14. Be3 Bd7
15. c4 Qa5 16. Qb3 Rab8 17. Qa3 Qxa3 18. bxa3 f5 19. f3 fxe4 20. fxe4 Rxf1+ 21.
Bxf1 Bc3 22. Bg5 Kf7 23. Bc1 a6 24. Bb2 Ba5 25. Be2 b5 26. e5 Bf5 27. Rf1 Kg8
28. exd6 exd6 29. g4 Bd7 30. Bf6 Bc7 31. Rb1 b4 32. axb4 Rxb4 33. Rxb4 cxb4 34.
c5 dxc5 35. Bxa6 Kf7 36. Bg5 Bd6 37. Bc4 Kg7 38. Kf2 h6 39. Bc1 Be5 40. Kf3 g5
41. Ke4 1/2-1/2

[Event "4NCL/Div3/CONQ vs. AMCAH"]
[Site "Hinckley Island ENG"]
[Date "2009.03.22"]
[Round "8.6"]
[White "Coates, Christine"]
[Black "Foster, Ray Ryan"]
[Result "0-1"]
[WhiteElo "1490"]
[BlackElo "1680"]
[PlyCount "54"]
[EventDate "2009.03.22"]
[EventCountry "ENG"]
[SourceDate "2008.10.04"]

1. d4 d5 2. Nf3 Bf5 3. Bf4 Nc6 4. e3 e6 5. c3 Nf6 6. Be2 Bd6 7. Ne5 Bxe5 8.
Bxe5 Nxe5 9. dxe5 Ne4 10. Nd2 O-O 11. O-O f6 12. Nxe4 Bxe4 13. exf6 Rxf6 14. f3
Bg6 15. c4 c6 16. cxd5 cxd5 17. Rc1 Qd6 18. Qb3 b6 19. Rc3 Raf8 20. Rfc1 Bh5
21. Rc8 Rh6 22. Qc3 Be8 23. Qc7 Qb4 24. Qxa7 Qxb2 25. Bd1 Qe5 26. Qb8 Qxe3+ 27.
Kf1 Bb5+ 0-1